| 000 | 00551nam a2200205 a 4500 | ||
|---|---|---|---|
| 005 | 20140310183454.0 | ||
| 008 | 080205s19uu xx 00 eng d | ||
| 020 | _a0324323794 | ||
| 050 |
_aHF 5415 _b.K967 2006 |
||
| 100 | _aKurtz, David L. | ||
| 245 | _aPrinciples of contemporary marketing. / | ||
| 250 | _a12th | ||
| 260 |
_aAustralia : _bThomson South-Western, _c2006 |
||
| 300 |
_aI-13 663 p. : _bcol. ill. ; _c27 cm. |
||
| 521 | _aBSBA | ||
| 650 | _aMarketing. | ||
| 700 | _aBoone, Louis E. | ||
| 942 |
_cBK _2lcc _kFOR |
||
| 999 |
_c23545 _d23545 |
||